[Event "Sao Bernardo do Campo 1 IRT LRB"]
[White "Matos, Gustavo Corradi"]
[Black "Batista, Roberto Adriano"]
[Site "Sao Bernardo do Campo"]
[Round "9"]
[Result "0-1"]
[Date "2009.07.04"]
[WhiteElo "1910"]
[BlackElo "1988"]
[PlyCount "82"]
[EventDate "2009.07.04"]
[EventType "tourn"]
[EventRounds "11"]
[EventCountry "BRA"]
[SourceTitle "EXT 2022"]
[Source "ChessBase"]
[SourceDate "2021.10.06"]
[SourceVersion "1"]
[SourceVersionDate "2021.10.06"]
[SourceQuality "1"]

1. e4 e6 2. d3 d5 3. Nd2 Nf6 4. Ngf3 c5 5. g3 Nc6 6. Bg2 Be7 7. 0-0 0-0 8. Re1 b5 9. h4 b4 10. e5 Nd7 11. Nf1 a5 12. Bf4 a4 13. a3 bxa3 14. bxa3 Ba6 15. Ne3 Nb6 16. Ng5 Nd4 17. Qh5 h6 18. Nh3 Qe8 19. Qg4 f5 20. exf6 Bxf6 21. Nxd5 Nxd5 22. Bxd5 exd5 23. Rxe8 Raxe8 24. Bd6 Bc8 25. Qh5 Bxh3 26. Bxf8 Rxf8 27. c3 Nb3 28. Qxd5+ Kh8 29. Re1 Bxc3 30. Re7 Bd4 31. Kh2 Bf1 32. f4 Bxd3 33. Ra7 Re8 34. Rxa4 Nd2 35. Kh3 Be4 36. Qf7 Rb8 37. Ra6 Bf3 38. f5 Ne4 39. Qg6 h5 40. Rb6 Rxb6 41. Qxb6 Bg1 0-1

[Event "Sao Bernardo do Campo 1 IRT LRB"]
[White "Matos, Gustavo Corradi"]
[Black "Caporale, Giuseppe Guido"]
[Site "Sao Bernardo do Campo"]
[Round "11"]
[Result "1-0"]
[Date "2009.07.04"]
[WhiteElo "1910"]
[BlackElo "1824"]
[PlyCount "69"]
[EventDate "2009.07.04"]
[EventType "tourn"]
[EventRounds "11"]
[EventCountry "BRA"]
[SourceTitle "EXT 2022"]
[Source "ChessBase"]
[SourceDate "2021.10.06"]
[SourceVersion "1"]
[SourceVersionDate "2021.10.06"]
[SourceQuality "1"]

1. d4 Nf6 2. c4 g6 3. Nc3 Bg7 4. e4 d6 5. f4 0-0 6. Nf3 Na6 7. Be2 c6 8. 0-0 Nc7 9. e5 Nfe8 10. Be3 e6 11. g4 b6 12. Qe1 f6 13. h4 fxe5 14. dxe5 d5 15. h5 c5 16. Bd2 Bb7 17. Bd3 dxc4 18. Bc2 Nd5 19. Qg3 Nb4 20. Be4 Bd5 21. hxg6 hxg6 22. Bxg6 Bxf3 23. Rxf3 Qxd2 24. Qh4 Rxf4 25. Qh7+ Kf8 26. Rxf4+ Qxf4 27. Rf1 Qxf1+ 28. Kxf1 Nd3 29. Bxd3 cxd3 30. Qxd3 Ke7 31. Qh7 Rd8 32. Ne4 Kf8 33. Ng5 Nc7 34. Qg6 Rd7 35. Nh7+ 1-0

[Event "Sao Paulo IRT5 op"]
[White "Matos, Gustavo Corradi"]
[Black "Pedroso, Arquimedes G Jr"]
[Site "Sao Paulo"]
[Round "5"]
[Result "1-0"]
[Date "2006.10.14"]
[WhiteElo "1885"]
[BlackElo "2081"]
[PlyCount "56"]
[EventDate "2006.10.12"]
[EventType "swiss"]
[EventRounds "7"]
[EventCountry "BRA"]
[SourceTitle "CBM 114 Extra"]
[Source "ChessBase"]
[SourceDate "2006.11.03"]
[SourceVersion "1"]
[SourceVersionDate "2006.11.03"]
[SourceQuality "1"]

1. e4 c5 2. Nf3 d6 3. d4 cxd4 4. Nxd4 Nf6 5. Nc3 a6 6. Be3 Ng4 7. Bg5 h6 8. Bh4 g5 9. Bg3 Bg7 10. Be2 Ne5 11. Qd2 Nbc6 12. Nb3 Be6 13. 0-0-0 Bc4 14. h4 g4 15. f4 gxf3 16. gxf3 Bxe2 17. Qxe2 b5 18. Rhg1 e6 19. f4 Nc4 20. e5 d5 21. f5 Qc7 22. Nc5 Bf8 23. fxe6 Nd8 24. exf7+ Qxf7 25. e6 Qf5 26. Rdf1 Qxf1+ 27. Rxf1 Bxc5 28. Qh5+ Ke7 1-0

[Event "Sao Paulo IRT5 op"]
[White "Matos, Gustavo Corradi"]
[Black "Madeira, Wagner Martins"]
[Site "Sao Paulo"]
[Round "1"]
[Result "0-1"]
[Date "2006.10.12"]
[WhiteElo "1885"]
[BlackElo "2253"]
[PlyCount "60"]
[EventDate "2006.10.12"]
[EventType "swiss"]
[EventRounds "7"]
[EventCountry "BRA"]
[SourceTitle "CBM 114 Extra"]
[Source "ChessBase"]
[SourceDate "2006.11.03"]
[SourceVersion "1"]
[SourceVersionDate "2006.11.03"]
[SourceQuality "1"]

1. e4 c5 2. Nf3 Nc6 3. d4 cxd4 4. Nxd4 Nf6 5. Nc3 e5 6. Ndb5 d6 7. Bg5 a6 8. Na3 b5 9. Bxf6 gxf6 10. Nd5 f5 11. Bd3 Be6 12. c3 Bg7 13. Nc2 0-0 14. a4 bxa4 15. Rxa4 a5 16. Nce3 fxe4 17. Bxe4 f5 18. Bc2 Rb8 19. Nc4 Rb5 20. Nde3 d5 21. Nd2 Rxb2 22. Bb3 f4 23. Nc2 Qg5 24. Nf3 Qg6 25. Bxd5 Bxd5 26. Qxd5+ Kh8 27. Na3 e4 28. Nh4 Bxc3+ 29. Kf1 Qg4 30. Rxe4 Rd8 0-1